Konvergenčný proces SR k EÚ 25 autoreferát dizertačnej práce

Guardado en:
Detalles Bibliográficos
Autor principal: Majerský, Radovan
Autor Corporativo: Ekonomická univerzita v Bratislave. Národohospodárska fakulta
Otros Autores: Sobek, Otto
Formato: Libro
Lenguaje:eslovaco
Publicado: Bratislava 2008
Materias:
Etiquetas: Agregar Etiqueta
Sin Etiquetas, Sea el primero en etiquetar este registro!

MARC

LEADER 00000nam$a2200000$$$4500
001 0075910
005 20221207101132.1
041 0 |a slo 
044 |a SK 
245 1 0 |a Konvergenčný proces SR k EÚ 25  |b autoreferát dizertačnej práce  |c Radovan Majerský ; škol. Otto Sobek 
264 1 |a Bratislava  |c 2008 
300 |a 20 s. 
610 2 0 |a konvergencia 
610 2 0 |a Slovensko 
610 2 0 |a Európska únia 
100 1 |a Majerský, Radovan 
700 1 |a Sobek, Otto 
710 2 |a Ekonomická univerzita v Bratislave. Národohospodárska fakulta